Statistics for Countries with the Most Deaths due to ISIS

Click here to take the quiz!

General Stats

  • This quiz has been taken 170 times
  • The average score is 8 of 11

Answer Stats

Deaths Country % Correct
324Syria
97%
1,757Iraq
96%
222France
89%
64United States
88%
294Turkey
76%
151Afghanistan
73%
287Egypt
72%
244Pakistan
68%
70Libya
68%
213Yemen
58%
63Tunisia
49%

Score Distribution

Percentile by Number Answered

Percent of People with Each Score

Your Score History

You have not taken this quiz